| 000 | 00715cam a22002174a 4500 | ||
|---|---|---|---|
| 001 | 13984553 | ||
| 005 | 20250328115335.0 | ||
| 008 | 050527s2006 njua b 001 0 eng | ||
| 020 | _a0131494597 | ||
| 050 | 0 | 0 |
_aHD30.28 _b.W43 2006 |
| 082 | 0 | 0 |
_a658.4/012 _222 |
| 100 | 1 | _aWheelen, Thomas L. | |
| 245 | 1 | 0 |
_aStrategic management and business policy : _bconcepts and cases / _cThomas L. Wheelen, J. David Hunger. |
| 250 | _a10th ed. | ||
| 260 |
_aUpper Saddle River, NJ : _bPearson Prentice Hall, _cc2006. |
||
| 300 |
_a1 v. (various pagings) : _bcol. ill. ; _c27 cm. |
||
| 650 | 0 | _aStrategic planning. | |
| 650 | 0 |
_aStrategic planning _vCase studies. |
|
| 700 | 1 |
_aHunger, J. David, _d1941- |
|
| 942 |
_2lcc _cBK _n0 |
||
| 999 |
_c5293 _d5293 |
||